000 01658nam a2200337 a 4500
003 EG-GiCUC
005 20250223025515.0
008 090128s2008 ua d f m 000 0 eng d
040 _aEG-GiCUC
_beng
_cEG-GiCUC
041 0 _aeng
049 _aDeposite
097 _aM.Sc
099 _aCai01.13.13.M.Sc.2008.Mo.F
100 0 _aMohamed Esawy Awwad Abdou
245 1 0 _aFuzzy logic adaptation of PID parameters for position control /
_cMohamed Esawy Awwad Abdou ; Supervised Sayed Mohamed Metwalli , Mohamed Ezz Hassan Ahmed
246 1 5 _aتحديد عوامل المتحكمات التناسبية التفاضلية التكاملية لاجراء التحكم الموضعي بإستخدام المنطق الهايش
260 _aCairo :
_bMohamed Esawy Awwad Abdou ,
_c2008
300 _a73 P. :
_bcharts ;
_c30cm
502 _aThesis (M.Sc.) - Cairo University - Faculty of Engineering - Department of Mechanical Design and Production
520 _aThe objective of this thesis is to develop an advanced concept for position control of a mechanical system using commerecial low cost AC three phase induction motor. The concept is developed by implementing s digital proportional-integral-derivative (PID) controller and using a commercial AC drive with voltage/frequeny (V/f) control
530 _aIssued also as CD
653 4 _aFuzzy logic
653 4 _aPID control
653 4 _aPosition control
700 0 _aMohamed Ezz Hassan ,
_eSupervisor
700 0 _aSayed Mohamed Metwalli ,
_eSupervisor
856 _uhttp://172.23.153.220/th.pdf
905 _aMustafa
_eRevisor
905 _aSamia
_eCataloger
942 _2ddc
_cTH
999 _c14517
_d14517